Theories of personality / (Record no. 5477)

MARC details
000 -LEADER
fixed length control field 02385nam a22003497a 4500
003 - CONTROL NUMBER IDENTIFIER
control field OSt
005 - DATE AND TIME OF LATEST TRANSACTION
control field 20260123145702.0
007 - PHYSICAL DESCRIPTION FIXED FIELD--GENERAL INFORMATION
fixed length control field a
008 - FIXED-LENGTH DATA ELEMENTS--GENERAL INFORMATION
fixed length control field 260123b |||||||| |||| 00| 0 eng d
020 ## - INTERNATIONAL STANDARD BOOK NUMBER
International Standard Book Number 9780357946442
040 ## - CATALOGING SOURCE
Original cataloging agency Foundation University
Language of cataloging eng
Transcribing agency Foundation University
Modifying agency FULib
Description conventions rda
050 ## - LIBRARY OF CONGRESS CALL NUMBER
Classification number BF 698.3
Item number .2025 S38
100 ## - MAIN ENTRY--PERSONAL NAME
Personal name Schultz, Duane P.,
Relator term author
9 (RLIN) 14387
245 00 - TITLE STATEMENT
Title Theories of personality /
Statement of responsibility, etc. Duane P. Schultz, Sydney Ellen Schultz, Heather M. Maranges.
250 ## - EDITION STATEMENT
Edition statement Twelfth edition.
260 ## - PUBLICATION, DISTRIBUTION, ETC.
Place of publication, distribution, etc. USA :
Name of publisher, distributor, etc. Cengage,
Date of publication, distribution, etc. 2025.
264 ## - PRODUCTION, PUBLICATION, DISTRIBUTION, MANUFACTURE, AND COPYRIGHT NOTICE
Copyright Date 2025.
300 ## - PHYSICAL DESCRIPTION
Materials specified resource
Extent xiv, 540 pages :
Other physical details illustrations (some color) ;
Dimensions 27 cm.
Type of unit volume
336 ## - CONTENT TYPE
Source rdacontent
Content type term text
Content type code txt
337 ## - MEDIA TYPE
Source rdamedia
Media type term unmediated
Media type code n
338 ## - CARRIER TYPE
Source rdacarrier
Materials specified resource
Carrier type term volume
Carrier type code nc
504 ## - BIBLIOGRAPHY, ETC. NOTE
Bibliography, etc. note Includes bibliographical references and index.
520 ## - ABSTRACT, SUMMARY, ETC.
Abstract, Summary, etc. Each edition of a textbook must be as vital, dynamic, and responsive to change as the field it covers. To remain an effective teaching instrument, Theories of Personality, 12th edition must reflect the development of the field, both in theory and science-based knowledge, while also engaging and encouraging the learner. We have seen the focus of personality study shift from global theories, beginning with Sigmund Freud's 19th-century psychoanalytic theory of neuroses, to 21st-century models of how external and internal factors contribute to personality in nuanced ways. And we have seen the basis of personality exploration change from case studies of Western upper-middle-class patients with “neuroses” to systematic, scientific research with diverse populations. Contemporary work in the field is both conducted by and focuses on people diverse in gender, age, and sexual orientation as well as ethnic, racial, religious, and cultural heritage. -- Preface
650 ## - SUBJECT ADDED ENTRY--TOPICAL TERM
Source of heading or term LC
Topical term or geographic name entry element Personality
Form subdivision Psychology
9 (RLIN) 14167
650 ## - SUBJECT ADDED ENTRY--TOPICAL TERM
Source of heading or term LC
Topical term or geographic name entry element Self-knowledge, Theory of
9 (RLIN) 14388
650 ## - SUBJECT ADDED ENTRY--TOPICAL TERM
Source of heading or term LC
Topical term or geographic name entry element Personality
Form subdivision Study and teaching.
9 (RLIN) 14389
658 ## - INDEX TERM--CURRICULUM OBJECTIVE
Main curriculum objective Psychology, Bachelor of Science in.
700 ## - ADDED ENTRY--PERSONAL NAME
Personal name Schultz, Sydney Ellen.,
Relator term author
9 (RLIN) 14390
700 ## - ADDED ENTRY--PERSONAL NAME
Personal name Maranges, Heather M.,
Relator term author
9 (RLIN) 14391
856 ## - ELECTRONIC LOCATION AND ACCESS
Uniform Resource Identifier <a href="https://drive.google.com/file/d/1AKHlm-nUArm1z6nuL1mnuV_MH02nYXxD/view?usp=sharing">https://drive.google.com/file/d/1AKHlm-nUArm1z6nuL1mnuV_MH02nYXxD/view?usp=sharing</a>
Link text Click here to view the table of content
942 ## - ADDED ENTRY ELEMENTS (KOHA)
Source of classification or shelving scheme Library of Congress Classification
Koha item type Books
Edition Twelfth edition.
Classification part BF 698.3
Item part .2025 S38
Call number prefix (CAS-Psy.)
Suppress in OPAC No
Holdings
Uniform Resource Identifier Withdrawn status Lost status Source of classification or shelving scheme Damaged status Not for loan Collection code Home library Current library Shelving location Date acquired Source of acquisition Total Checkouts Full call number Barcode Date last seen Price effective from Koha item type Accession Number
https://drive.google.com/file/d/1AKHlm-nUArm1z6nuL1mnuV_MH02nYXxD/view?usp=sharing     Library of Congress Classification     Non-fiction Foundation University Library Foundation University Library CoArts & Sciences 01/23/2026 QT   (CAS-Psy.) BF 698.3 .2025 S38 0072026017018 01/23/2026 01/23/2026 Books CAS-Psy.-2026018